000 00564nam a22002177a 4500
003 UA-OsUOA
001 116177
007 ta
008 20160223b un ||||| |||| 00| 0 ukr d
100 _aГощук О.
090 _a02
_bГ74
942 _cSA
040 _aUA-OsUOA
_bukr
_cUA-OsUOA
_dUA-OsUOA
245 _aЗ історії виникнення та зникнення бібліотек в Острозі
300 _aС.7
955 _a0
041 _aukr
080 _a02
773 0 _w116175
650 7 _a02 Бібліотечна справа
_2UDC
999 _c402004
_d402004